El Nuevo proceso cambiario (Registro nro. 161334)
[ vista simple ]
| 000 -LEADER | |
|---|---|
| fixed length control field | 01216nam a22002891a 4500 |
| 007 - PHYSICAL DESCRIPTION FIXED FIELD--GENERAL INFORMATION | |
| fixed length control field | cr|||| |||| |
| 008 - FIXED-LENGTH DATA ELEMENTS--GENERAL INFORMATION | |
| fixed length control field | 020621s2002 spc|||||| |00| ||spa|| |
| 017 ## - | |
| -- | DL B. 23811-2002 |
| 020 ## - INTERNATIONAL STANDARD BOOK NUMBER | |
| International Standard Book Number | 8476986610 |
| 035 ## - | |
| -- | 1190 |
| 040 ## - CATALOGING SOURCE | |
| Modifying agency | vLex |
| 043 ## - | |
| -- | e-sp--- |
| -- | e-sp--- |
| -- | catmarc |
| 080 ## - | |
| -- | 347.746/.748(460)(094) |
| 090 ## - | |
| -- | 2916 |
| -- | 2916 |
| 100 1# - MAIN ENTRY--PERSONAL NAME | |
| Personal name | Adán Domenech, Federico |
| 245 13 - TITLE STATEMENT | |
| Title | El Nuevo proceso cambiario |
| Medium | [Recurso electrónico] / |
| Statement of responsibility, etc | Federico Adán Domenech ; prólogo: Joan Picó i Junoy |
| 256 ## - | |
| -- | Servicio en línea |
| 260 ## - PUBLICATION, DISTRIBUTION, ETC. (IMPRINT) | |
| Place of publication, distribution, etc | Barcelona : |
| Name of publisher, distributor, etc | Bosch, |
| Date of publication, distribution, etc | cop. 2002 |
| 300 ## - PHYSICAL DESCRIPTION | |
| Extent | 1 recurso electrónico |
| 506 1# - RESTRICTIONS ON ACCESS NOTE | |
| Terms governing access | Contenido solo disponible en los productos indicados |
| Authorized users | vLex Global |
| -- | vLex Global (Academic Edition, excluding Law Schools) |
| -- | vLex Global (U.S. Academic Edition, Law Schools) |
| -- | vLex Global (U.S. Academic Edition, excluding Law Schools) |
| -- | vLex Global (Academic Edition, Law Schools) |
| 650 04 - SUBJECT ADDED ENTRY--TOPICAL TERM | |
| Topical term or geographic name as entry element | Letras de cambio |
| General subdivision | Derecho y legislación |
| Geographic subdivision | España |
| 700 1# - ADDED ENTRY--PERSONAL NAME | |
| Personal name | Picó i Junoy, Joan, |
| Relator term | trad. |
| 740 0# - | |
| -- | vLex Libros (Servicio en línea) |
| 856 40 - LOCALIZACIÓN Y ACCESO ELECTRÓNICO | |
| Identificador Uniforme del Recurso (URI/URL) | https://app.vlex.com/#/sources/proceso-cambiario-nuevo-1190 |
| 942 ## - | |
| -- | RAA |
| 999 ## - | |
| -- | 161334 |
| -- | 161334 |
No hay ítems disponibles.